000 00665nam a2200181 a 4500
005 20240530063903.0
008 991125s1958 mx 000 0 spa u
035 _aUPN01000003058
049 _aF
050 4 _aHN118
_bN5.2
110 1 _aNicaragua.
_bMinisterio de Educación Pública
245 1 0 _aAnteproyecto de plan general de trabajo para el proyecto piloto de educación fundamental del Río Coco :
_betapa para un período mínimo de 5 años /
_cMinisterio de Educación Pública.
260 _aNicaragua :
_b[s.n.],
_c1958.
300 _a18 p.
650 4 _aDesarrollo de la comunidad
_zPanamá
_99282
650 4 _aEducación
_zPanamá
_99710
905 _aLibro
999 _c3058
_d3058